| 000 | 00493nam a2200181Ia 4500 | ||
|---|---|---|---|
| 008 | 151213s9999 xx 000 0 und d | ||
| 020 | _a0-07-0597-93-6 | ||
| 082 |
_a330.015195 _b330.015195 |
||
| 100 | _aDamodar N.Gujrati | ||
| 245 |
_aBasic Econometrics _cDamodar N.Gujrati |
||
| 250 | _a4th | ||
| 260 |
_aNew Delhi _bTata Mc Graw Hill Publishing Company Limited _c2003 |
||
| 300 | _a9720 p. | ||
| 650 | _aEconomics | ||
| 650 | _aEconomics | ||
| 700 | _aDamodar N.Gujrati | ||
| 999 |
_c4794 _d4794 |
||